<?xml version="1.0" encoding="UTF-8"?>
<record
    xmlns:xsi="http://www.w3.org/2001/XMLSchema-instance"
    xsi:schemaLocation="http://www.loc.gov/MARC21/slim http://www.loc.gov/standards/marcxml/schema/MARC21slim.xsd"
    xmlns="http://www.loc.gov/MARC21/slim">

  <leader>01838nam a22003017a 4500</leader>
  <controlfield tag="001">1547</controlfield>
  <controlfield tag="003">FISKH</controlfield>
  <controlfield tag="005">20230907154611.0</controlfield>
  <controlfield tag="008">230906b        cb ||||| |||| 00| 0 khrd</controlfield>
  <datafield tag="020" ind1=" " ind2=" ">
    <subfield code="a">9789924341680</subfield>
  </datafield>
  <datafield tag="040" ind1=" " ind2=" ">
    <subfield code="a">FISKH </subfield>
    <subfield code="b">eng</subfield>
    <subfield code="c">FISKH </subfield>
    <subfield code="d">FISKH </subfield>
  </datafield>
  <datafield tag="082" ind1=" " ind2=" ">
    <subfield code="a">363.72</subfield>
  </datafield>
  <datafield tag="100" ind1=" " ind2=" ">
    <subfield code="a">Omissi, Antiochus </subfield>
  </datafield>
  <datafield tag="245" ind1=" " ind2=" ">
    <subfield code="a">&#x1799;&#x1780;&#x17D2;&#x179F;&#x1780;&#x17D2;&#x1793;&#x17BB;&#x1784;&#x1796;&#x17D2;&#x179A;&#x17C3;&#x200B; / </subfield>
    <subfield code="c">&#x1793;&#x17B7;&#x1796;&#x1793;&#x17D2;&#x1792; &#x1793;&#x17B7;&#x1784;&#x1782;&#x17BC;&#x179A;&#x179A;&#x17BC;&#x1794;&#x178A;&#x17C4;&#x1799; &#x17A2;&#x17B6;&#x1793;&#x1790;&#x17C3;&#x1781;&#x17B9;&#x179F; &#x17A2;&#x17BC;&#x1798;&#x17B8;&#x179F;&#x17CA;&#x17B8; </subfield>
  </datafield>
  <datafield tag="246" ind1=" " ind2=" ">
    <subfield code="a">Giant in the Jungle </subfield>
    <subfield code="i">Written and illustrated by Antiochus Omissi </subfield>
  </datafield>
  <datafield tag="260" ind1=" " ind2=" ">
    <subfield code="a">Phnom Penh : </subfield>
    <subfield code="b">Sipar, </subfield>
    <subfield code="c">2022. </subfield>
  </datafield>
  <datafield tag="300" ind1=" " ind2=" ">
    <subfield code="a">41 pages : </subfield>
    <subfield code="b">color illustrations ; </subfield>
    <subfield code="c">25 cm</subfield>
  </datafield>
  <datafield tag="490" ind1=" " ind2=" ">
    <subfield code="a">&#x179A;&#x17BF;&#x1784;&#x178A;&#x17C6;&#x1794;&#x17BC;&#x1784;&#x17D7; </subfield>
  </datafield>
  <datafield tag="505" ind1=" " ind2=" ">
    <subfield code="a">G

</subfield>
  </datafield>
  <datafield tag="520" ind1=" " ind2=" ">
    <subfield code="a">&#x179F;&#x17D2;&#x179A;&#x1798;&#x17C4;&#x179B;&#x1799;&#x1780;&#x17D2;&#x179F;&#x1798;&#x17BD;&#x1799;&#x1795;&#x17BB;&#x179F;&#x17A1;&#x17BE;&#x1784;&#x1795;&#x17BB;&#x178F;&#x1796;&#x17D2;&#x179A;&#x17C3;&#x17D4; &#x179F;&#x178F;&#x17D2;&#x179C;&#x1791;&#x17B6;&#x17C6;&#x1784;&#x17A1;&#x17B6;&#x1799;&#x1797;&#x17D0;&#x1799;&#x1781;&#x17D2;&#x179B;&#x17B6;&#x1785; &#x179A;&#x178F;&#x17CB;&#x1794;&#x17C2;&#x1780;&#x1781;&#x17D2;&#x1789;&#x17C2;&#x1780;&#x1782;&#x17D2;&#x1793;&#x17B6; &#x17A0;&#x17BE;&#x1799;&#x1794;&#x17B6;&#x1793;&#x1793;&#x17B6;&#x17C6;&#x1782;&#x17D2;&#x1793;&#x17B6;&#x1791;&#x17C5;&#x1794;&#x17D2;&#x179A;&#x17B6;&#x1794;&#x17CB;&#x1796;&#x17D2;&#x179A;&#x17B9;&#x1791;&#x17D2;&#x1792;&#x17B6;&#x1785;&#x17B6;&#x179A;&#x17D2;&#x1799;&#x17D4; &#x1780;&#x17D2;&#x179A;&#x17C4;&#x1799;&#x1798;&#x1780;&#x1796;&#x17BD;&#x1780;&#x1782;&#x17C1;&#x1794;&#x17B6;&#x1793;&#x179A;&#x1780;&#x1783;&#x17BE;&#x1789;&#x1790;&#x17B6;&#x200B;&#x1793;&#x17C4;&#x17C7;&#x1782;&#x17BA;&#x1787;&#x17B6;&#x1782;&#x17C6;&#x1793;&#x179A;&#x1795;&#x17D2;&#x179B;&#x17B6;&#x179F;&#x179F;&#x17D2;&#x1791;&#x17B7;&#x1785;&#x178A;&#x17C2;&#x179B;&#x1780;&#x1780;&#x17BE;&#x178F;&#x17A1;&#x17BE;&#x1784;&#x178A;&#x17C4;&#x1799;&#x179F;&#x17B6;&#x179A;&#x1798;&#x1793;&#x17BB;&#x179F;&#x17D2;&#x179F;&#x1787;&#x17B6;&#x17A2;&#x17D2;&#x1793;&#x1780;&#x1785;&#x17C4;&#x179B;&#x179F;&#x17C6;&#x179A;&#x17B6;&#x1798;&#x1796;&#x17B6;&#x179F;&#x179C;&#x17B6;&#x179B;&#x1796;&#x17B6;&#x179F;&#x1780;&#x17B6;&#x179B;&#x17D4; </subfield>
  </datafield>
  <datafield tag="520" ind1=" " ind2=" ">
    <subfield code="a">A giant shadow appeared out of the forest. The animals were frightened, ran away, and went to tell the elders. They later discovered that it was a pile of plastic formed by people dumping rubbish improperly. </subfield>
  </datafield>
  <datafield tag="521" ind1="8" ind2=" ">
    <subfield code="a">380 

</subfield>
    <subfield code="b">Lexile estimate 
</subfield>
  </datafield>
  <datafield tag="521" ind1="8" ind2=" ">
    <subfield code="a">G 
</subfield>
    <subfield code="b">Raz-Plus 
</subfield>
  </datafield>
  <datafield tag="650" ind1=" " ind2=" ">
    <subfield code="a">&#x1799;&#x1780;&#x17D2;&#x179F; </subfield>
    <subfield code="v">&#x1795;&#x17D2;&#x179B;&#x17B6;&#x179F;&#x17D2;&#x1791;&#x17B7;&#x1785; </subfield>
    <subfield code="x">&#x1798;&#x1793;&#x17BB;&#x179F;&#x17D2;&#x179F; </subfield>
    <subfield code="y">&#x1796;&#x17D2;&#x179A;&#x17C3; </subfield>
  </datafield>
  <datafield tag="650" ind1=" " ind2=" ">
    <subfield code="a">Giant </subfield>
    <subfield code="v">Plastic </subfield>
    <subfield code="x">Human </subfield>
    <subfield code="y">Jungle </subfield>
  </datafield>
  <datafield tag="700" ind1=" " ind2=" ">
    <subfield code="a">Omissi, Antiocus </subfield>
    <subfield code="e">illustrator </subfield>
  </datafield>
  <datafield tag="942" ind1=" " ind2=" ">
    <subfield code="2">ddc</subfield>
    <subfield code="c">BK</subfield>
    <subfield code="n">0</subfield>
  </datafield>
  <datafield tag="999" ind1=" " ind2=" ">
    <subfield code="c">1547</subfield>
    <subfield code="d">1547</subfield>
  </datafield>
  <datafield tag="952" ind1=" " ind2=" ">
    <subfield code="0">0</subfield>
    <subfield code="1">0</subfield>
    <subfield code="2">ddc</subfield>
    <subfield code="4">0</subfield>
    <subfield code="7">0</subfield>
    <subfield code="8">KH</subfield>
    <subfield code="a">001</subfield>
    <subfield code="b">001</subfield>
    <subfield code="c">KHRS</subfield>
    <subfield code="d">2023-09-06</subfield>
    <subfield code="l">1</subfield>
    <subfield code="o">OMI 363.72</subfield>
    <subfield code="p">2023-0498</subfield>
    <subfield code="r">2024-12-03 08:51:01</subfield>
    <subfield code="s">2024-08-23</subfield>
    <subfield code="t">1</subfield>
    <subfield code="w">2023-09-06</subfield>
    <subfield code="y">BK</subfield>
  </datafield>
  <datafield tag="952" ind1=" " ind2=" ">
    <subfield code="0">0</subfield>
    <subfield code="1">0</subfield>
    <subfield code="2">ddc</subfield>
    <subfield code="4">0</subfield>
    <subfield code="7">0</subfield>
    <subfield code="8">KH</subfield>
    <subfield code="a">001</subfield>
    <subfield code="b">001</subfield>
    <subfield code="c">KHRS</subfield>
    <subfield code="d">2023-09-06</subfield>
    <subfield code="l">3</subfield>
    <subfield code="o">OMI 363.72</subfield>
    <subfield code="p">2023-0499</subfield>
    <subfield code="r">2025-06-09 14:32:33</subfield>
    <subfield code="s">2025-02-14</subfield>
    <subfield code="t">2</subfield>
    <subfield code="w">2023-09-06</subfield>
    <subfield code="y">BK</subfield>
  </datafield>
</record>
